Geografía industrial del mundo
Uloženo v:
| Hlavní autor: | |
|---|---|
| Médium: | Kniha |
| Jazyk: | španělština |
| Vydáno: |
Buenos Aires
EUDEBA
1970
|
| Vydání: | 3a. ed |
| Témata: | |
| Tagy: |
Přidat tag
Žádné tagy, Buďte první, kdo vytvoří štítek k tomuto záznamu!
|
MARC
| LEADER | 00000nam a2200000 a 4500 | ||
|---|---|---|---|
| 001 | UCU4189 | ||
| 003 | CL-VaPUC | ||
| 008 | 960517e19700000AG |||||||||||||||||spa|d | ||
| 082 | 0 | 4 | |a 338.09 |b GEO |2 21 |
| 100 | |a George, Pierre |e author |9 341155 | ||
| 245 | 1 | 0 | |a Geografía industrial del mundo |
| 250 | |a 3a. ed | ||
| 300 | |a 123 p | ||
| 942 | |c BK | ||
| 945 | |d 19960517 00:00:00 |a paguirre | ||
| 260 | |a Buenos Aires |b EUDEBA |c 1970 | ||
| 650 | 0 | |a Industrias |9 263688 | |
| 650 | 0 | |a Geografía |9 259346 | |
| 650 | 0 | |a Geografía urbana |9 267904 | |
| 651 | 0 | |a Inglaterra |9 255158 | |
| 651 | 0 | |a Alemania |9 255688 | |
| 651 | 0 | |a Francia |9 255157 | |
| 651 | 7 | |a BELGICA |2 CL-VaPUC |9 315122 | |
| 651 | 0 | |a Suiza |9 256768 | |
| 651 | 7 | |a AUSTRIA |2 CL-VaPUC |9 266851 | |
| 651 | 0 | |a Italia |9 254949 | |
| 651 | 0 | |a Estados Unidos |9 255178 | |
| 651 | 0 | |a Unión Soviética |9 256769 | |
| 583 | |a last modification |c 20180314 14:49:26 |k Rodrigo Vera | ||
| 999 | |c 247986 |d 247984 | ||
| 952 | |0 0 |1 0 |4 0 |6 338_090000000000000_GEO_1970 |7 0 |8 A |9 264293 |a BIBING |b BIBING |d 2019-11-19 |i 1664727 |o 338.09 GEO 1970 |p 1664727 |r 2025-01-20 |w 2019-11-19 |y BK |k ING | ||